Inwestycje i budownictvo

Gespeichert in:
Bibliographische Detailangaben
Format: Schriftenreihe
Sprache:Polnisch
Veröffentlicht: Warszawa Wyd. ekon.
Tags: Tag hinzufügen
Keine Tags, Fügen Sie das erste Tag hinzu!

MARC

LEADER 00000nas1a22000001 4500
001 s120804
005 20041019155346.7
041 0 |a pol 
044 |a PL 
245 1 0 |a Inwestycje i budownictvo 
264 1 |a Warszawa  |b Wyd. ekon.